20 missing countries on this map - hard mode. - Statistics

General Stats
  • This quiz has been taken 139 times
  • The average score is 14 of 20
Answers on the Map
Answers color-coded by a green-red scale on the quiz's map according to % correct below.
 
Answer Stats
Country % Correct
lesotho
94%
togo
94%
eswatini
91%
rwanda
88%
djibouti
83%
luxembourg
83%
israel
82%
andorra
75%
qatar
75%
gambia
73%
st kitts and nevis
71%
singapore
70%
st lucia
70%
antigua and barbuda
69%
San marino
69%
bahrain
68%
brunei
67%
lebanon
67%
Trinidad and tobago
64%
barbados
63%
east timor
63%
monaco
63%
lichtenstein
10%
No matching quizzes found
Score Distribution
Percent of People with Each Score
Percentile by Number Answered
Your Score History
You have not taken this quiz